banner-ar

اميركا اسرائيل علاقة حميمة : (Record no. 66291)

MARC details
000 -الفاتح
حقل البيانات ثابتة الطول 01002nam a22002417a 4500
005 - وقت وتاريخ اخر تعامل مع التسجيلة
رقم الضبط 20240530110910.0
008 - عناصر البيانات ثابتة الطول - معلومات عامة
حقل البيانات ثابتة الطول 220214s ua g 000 0 ara d
017 ## - رقم الايداع القانونى
المصدر ( الهيئة المختصة) مصر. دار الكتب
رقم الايداع القانونى 2007/3217
040 ## - مصدر الفهرسة
وكالة الفهرسة الأصلية EG-CaGPL
وكالة النسخ EG-CaGPL
082 04 - رقم تصنيف ديوى العشرى
رقم الطبعة 21
رقم التصنيف 327.730567 /
رقم المادة ب ا
100 0# - المدخل الرئيسى - إسم شخصى
الإسم الشخصى بول ، جورج و
245 12 - بيان العنوان
العنوان اميركا اسرائيل علاقة حميمة :
بقية العنوان التورط الاميركى مع اسرائيل منذ العام 1947 حتى الان /
بيان المسئوليه,etc بول ، جورج و
250 ## - بيان الطبعة
بيان الطبعة ط. 1
260 ## - PUBLICATION, DISTRIBUTION, ETC. (IMPRINT)
تاريخ النشر أو التوزيع 1994
300 ## - الوصف المادى
التعداد 352 ص. ؛
أبعاد الوعاء 24 سم
650 ## - المدخل الاضافى بالموضوع-مصطلح موضوعى
مصدر الرأس أو المصطلح qrmak
مصطلح موضوعي العلاقات العربية الامريكية
651 ## - المدخل الاضافى بالموضوع - اسم جغرافى
مصدر الرأس أو المصطلح qrmak
الاسم الجغرافي الولايات المتحدة الامريكية
651 ## - المدخل الاضافى بالموضوع - اسم جغرافى
مصدر الرأس أو المصطلح qrmak
الاسم الجغرافي اسرائيل
700 ## - المدخل الاضافى - اسم شخصى
الإسم الشخصى بول ، دوغلاس ب
الدور مؤلف
700 ## - المدخل الاضافى - اسم شخصى
الإسم الشخصى محمد زكريا اسماعيل
الدور مترجم
942 ## - عناصر المدخل الإضافي( كوها)
مصدر التصنيف او مخطط الترفيف Dewey Decimal Classification
Koha [default] item type كتاب
260 ## - PUBLICATION, DISTRIBUTION, ETC. (IMPRINT)
-- بيروت :
-- بيسان للنشر والتوزيع ،
Holdings
حالة التراجع حالة الفقد حالة تلف ليس للاعارة المكان المؤقت الموقع الحالى موقع الترفيف تاريخ الاكتساب اجمالي اﻻعارات رقم الطلب الباركود تاريخ اخر مشاهدة تاريخ تفعيل السعر نوع وعاء كوها
        مكتبة القاهرة الكبرى مكتبة القاهرة الكبرى ق الرئيسية_العلوم الاجتماعية_ك عربى 03/10/2022   327.730567 / ب ا 167588 03/10/2022 03/10/2022 كتاب

Powered By

EGPV